Tổ chức và hoạt động của bộ máy chính quyền thành phố trực thuộc Trung Ương

Spremljeno u:
Bibliografski detalji
Glavni autor: Vũ Đức Đán
Format: Knjiga
Jezik:Vietnamese
Izdano: Thống kê 2000
Oznake: Dodaj oznaku
Bez oznaka, Budi prvi tko označuje ovaj zapis!
Thư viện lưu trữ: Mạng thư viện Đại học Đà Nẵng
LEADER 00710nam a2200253 4500
001 000020706
003 17153
005 20150325140315.0
008 150325s2000 viesd
020 |c 29000 
041 0 |a vie 
082 1 4 |a 352.005  |b VU-Đ 
100 1 |a Vũ Đức Đán 
245 1 0 |a Tổ chức và hoạt động của bộ máy chính quyền thành phố trực thuộc Trung Ương  |c Vũ Đức Đán, Lưu Kiếm Thanh. 
260 |b Thống kê  |c 2000 
300 |a tr.  |c cm. 
OWN |a LSP 
999 |a From the UDN01 
TYP |a Monograph 
TYP |a Printed language 
980 |a Mạng thư viện Đại học Đà Nẵng